5 satunnaista maata maailmankartalla 15 sekunnissa - Statistics

Yleistilastot
  • Tätä visaa on pelattu 93 kertaa
  • Keskiarvotulos 3 / 5
Vastaukset kartalla
Vastauksille on annettu kartalla punavihreä väri sen mukaan, kuinka moni on saanut sen oikein.
 
Vastaustilastot
maa % Oikein
Angola
100%
Benin
100%
Bolivia
100%
Bosnia ja Hertsegovina
100%
Botswana
100%
Brasilia
100%
Côte d'Ivoire
100%
Espanja
100%
Etelä-Afrikka
100%
Filippiinit
100%
Guatemala
100%
Guyana
100%
Intia
100%
Irlanti
100%
Jemen
100%
Kazakstan
100%
Kiina
100%
Komorit
100%
Kroatia
100%
Kuwait
100%
Latvia
100%
Mauritania
100%
Mauritius
100%
Monaco
100%
Niger
100%
Oman
100%
Pakistan
100%
Pohjois-Makedonia
100%
Ranska
100%
Romania
100%
Sambia
100%
Suomi
100%
Sveitsi
100%
Tšad
100%
Turkmenistan
100%
Ukraina
100%
Vatikaanivaltio
100%
Viro
100%
Yhdistyneet arabiemiirikunnat
100%
Yhdysvallat
100%
Japani
67%
Guinea
50%
Malawi
50%
Nicaragua
50%
Uruguay
50%
Afganistan
0%
Alankomaat
0%
Albania
0%
Algeria
0%
Andorra
0%
Antigua ja Barbuda
0%
Argentiina
0%
Armenia
0%
Australia
0%
Azerbaidžan
0%
Bahama
0%
Bahrain
0%
Bangladesh
0%
Barbados
0%
Belgia
0%
Belize
0%
Bhutan
0%
Brunei
0%
Bulgaria
0%
Burkina Faso
0%
Burundi
0%
Cabo Verde
0%
Chile
0%
Costa Rica
0%
Djibouti
0%
Dominica
0%
Dominikaaninen tasavalta
0%
Ecuador
0%
Egypti
0%
El Salvador
0%
Eritrea
0%
Etelä-Korea
0%
Etelä-Sudan
0%
Etiopia
0%
Fidži
0%
Gabon
0%
Gambia
0%
Georgia
0%
Ghana
0%
Grenada
0%
Guinea-Bissau
0%
Haiti
0%
Honduras
0%
Indonesia
0%
Irak
0%
Iran
0%
Islanti
0%
Israel
0%
Italia
0%
Itävalta
0%
Jamaika
0%
Jordania
0%
Kambodža
0%
Kamerun
0%
Kanada
0%
Kenia
0%
Keski-Afrikan tasavalta
0%
Kirgisia
0%
Kiribati
0%
Kolumbia
0%
Kongo
0%
Kongon dem tasavalta
0%
Kosovo
0%
Kreikka
0%
Kuuba
0%
Kypros
0%
Laos
0%
Lesotho
0%
Libanon
0%
Liberia
0%
Libya
0%
Liechtenstein
0%
Liettua
0%
Luxemburg
0%
Madagaskar
0%
Malediivit
0%
Malesia
0%
Mali
0%
Malta
0%
Marokko
0%
Marshallinsaaret
0%
Meksiko
0%
Mikronesia
0%
Moldova
0%
Mongolia
0%
Montenegro
0%
Mosambik
0%
Myanmar
0%
Namibia
0%
Nauru
0%
Nepal
0%
Nigeria
0%
Norja
0%
Päiväntasaajan Guinea
0%
Palau
0%
Panama
0%
Papua-Uusi-Guinea
0%
Paraguay
0%
Peru
0%
Pohjois-Korea
0%
Portugali
0%
Puola
0%
Qatar
0%
Ruanda
0%
Ruotsi
0%
Saint Kitts ja Nevis
0%
Saint Lucia
0%
Saint Vincent ja Grenadiinit
0%
Saksa
0%
Salomonsaaret
0%
Samoa
0%
San Marino
0%
São Tomé ja Príncipe
0%
Saudi-Arabia
0%
Senegal
0%
Serbia
0%
Seychellit
0%
Sierra Leone
0%
Singapore
0%
Slovakia
0%
Slovenia
0%
Somalia
0%
Sri Lanka
0%
Sudan
0%
Suriname
0%
Swazimaa
0%
Syyria
0%
Tadžikistan
0%
Taiwan
0%
Tansania
0%
Tanska
0%
Thaimaa
0%
Timor-Leste
0%
Togo
0%
Tonga
0%
Trinidad ja Tobago
0%
Tšekki
0%
Tunisia
0%
Turkki
0%
Tuvalu
0%
Uganda
0%
Unkari
0%
Uusi-Seelanti
0%
Uzbekistan
0%
Valko-Venäjä
0%
Vanuatu
0%
Venäjä
0%
Venezuela
0%
Vietnam
0%
Yhdistynyt kuningaskunta
0%
Zimbabwe
0%
Ehtoja vastaavia visoja ei löytynyt
Tulosjakauma
Jokaisen tuloksen saaneiden osuus
Persentiili vastausten määrän mukaan
Tuloshistoriasi
Et ole pelannut tätä visaa